000 00315nam a2200109Ia 4500
008 220216s9999 xx 000 0 und d
100 _aSethuraj M R
245 0 _aProposals for the international network research programme on tapping panel dryness
260 _c1992
650 _aTapping panel dryness
942 _cJS
999 _c66006
_d66006